| 000 | 00524nam a2200217Ia 4500 | ||
|---|---|---|---|
| 008 | 210210b2009 xxu||||| |||| 00| 0 eng d | ||
| 041 | _aeng | ||
| 082 | _a658.8 SINS | ||
| 100 | _aSINHA (P K) | ||
| 245 | _aServices marketing: text and readings | ||
| 260 |
_aMumbai _bHimalaya Publishing House _c2009 |
||
| 300 | _axvi,253 | ||
| 650 | _atext | ||
| 650 | _aServices | ||
| 650 | _areadings | ||
| 650 | _amarketing: | ||
| 650 | _aand | ||
| 690 | _aMarketing Management | ||
| 700 | _aSAHOO (S C) | ||
| 906 | _a064149 | ||
| 999 |
_c139800 _d139800 |
||